| 000 | 00000nam##2200000za#4500 |
| 001 | 9.662542 |
| 003 | CaOODSP |
| 005 | 20200330121519 |
| 007 | ta |
| 008 | 150407|2001||||xxc||||| f|0| 0 fre|d |
| 020 | |a0-662-65500-1 |
| 040 | |aCaOODSP|bfre |
| 041 | |aeng |
| 041 | |afre |
| 043 | |an-cn--- |
| 086 | 1 |aA22-218/2001 |
| 110 | 1 |aCanada. |bAgriculture et agroalimentaire Canada. |bDirection générale des politiques. |
| 245 | 10|aConférence rurale nationale: plan d'action rural |
| 260 | |aOttawa - Ontario : |bAgriculture et Agroalimentaire Canada. |c2001. |
| 300 | |aTexte français, 18p. ; |c22 cm. |
| 546 | |aBilingue |
| 563 | |aCouverture souple |
| 590 | |a01-19|b2001-05-11 |
| 691 | 07|aCommunauté rurale|2gcpds |
| 691 | 07|aDéveloppement rural|2gcpds |
| 691 | 07|aCommunauté isolée|2gcpds |
| 776 | 0#|tConférence rurale nationale : |w(CaOODSP)9.637699 |
| 776 | 0#|tThe National Rural Conference : |w(CaOODSP)9.693521 |
| 791 | |tThe National Rural Conference: rural action plan |eeng|w(CaOODSP)9.662541 |